00300nam a22001097a 4500999001700000020001800017100001800035245007900053260003200132300001400164942001200178 c39080d39080 a9789394262829 aVogel, J.PH.  aIndian Serpent- Lore or The Nagas in Hindu Legend and art cBy J.PH. Vogel aNew Delhi;bManohar,c2023. axiv,318p. 2ddccBK